[Event "Kremnica op"]
[White "Ambrozi, Peter"]
[Black "Zawisza, Alan"]
[Site "Kremnica"]
[Round "6"]
[Result "1/2-1/2"]
[Date "2024.08.18"]
[WhiteElo "1998"]
[BlackElo "1791"]
[PlyCount "78"]
[EventDate "2024.08.15"]
[EventType "swiss"]
[EventRounds "7"]
[EventCountry "SVK"]
[SourceTitle "CBM 221 Extra"]
[Source "ChessBase"]
[SourceDate "2024.09.30"]
[SourceVersion "1"]
[SourceVersionDate "2024.09.30"]
[SourceQuality "1"]

1. d4 Nf6 2. Nf3 g6 3. c4 Bg7 4. g3 0-0 5. Bg2 d6 6. 0-0 c6 7. Nc3 Bf5 8. Nh4 Be6 9. d5 cxd5 10. cxd5 Bd7 11. h3 b5 12. e4 b4 13. Ne2 Bb5 14. Re1 Nfd7 15. Nd4 Ba6 16. a3 Nc5 17. Bf1 Bxf1 18. Kxf1 Qc8 19. Nhf3 Qxh3+ 20. Kg1 Qg4 21. axb4 Nxe4 22. Bf4 Nf6 23. Nb5 Qd7 24. Qd3 Nh5 25. Bg5 Bf6 26. Bxf6 Nxf6 27. Kg2 Qb7 28. Nc3 Nbd7 29. Rxe7 Qxb4 30. Qb5 Rfb8 31. Qxb4 Rxb4 32. Ra6 Rb6 33. Rxb6 Nxb6 34. Ng5 Nbxd5 35. Nxd5 Nxd5 36. Rd7 Nb6 37. Rxd6 Nc4 38. Rd7 Nxb2 39. Nxf7 a5 1/2-1/2

[Event "Kremnica op"]
[White "Zawisza, Alan"]
[Black "Budinsky, Jozef"]
[Site "Kremnica"]
[Round "7"]
[Result "1-0"]
[Date "2024.08.18"]
[WhiteElo "1791"]
[BlackElo "1917"]
[PlyCount "91"]
[EventDate "2024.08.15"]
[EventType "swiss"]
[EventRounds "7"]
[EventCountry "SVK"]
[SourceTitle "CBM 221 Extra"]
[Source "ChessBase"]
[SourceDate "2024.09.30"]
[SourceVersion "1"]
[SourceVersionDate "2024.09.30"]
[SourceQuality "1"]

1. e4 e5 2. Nf3 Nc6 3. Bc4 Nf6 4. d3 h6 5. 0-0 Bc5 6. Nbd2 d6 7. c3 0-0 8. Re1 a5 9. Bb3 Bg4 10. h3 Bh5 11. Nf1 Ne7 12. Ng3 Bg6 13. Nh4 Kh7 14. Qf3 Neg8 15. Nhf5 Bxf5 16. exf5 c6 17. Ne4 Nxe4 18. Rxe4 b5 19. g4 a4 20. Bc2 Nf6 21. Re2 Nd7 22. g5 hxg5 23. Qh5+ Kg8 24. Bxg5 f6 25. Bh6 Qe8 26. Qg4 Rf7 27. Kh1 Kf8 28. Be3 Re7 29. Rg1 Qf7 30. h4 Bxe3 31. fxe3 e4 32. d4 Qd5 33. Reg2 c5 34. h5 Ke8 35. Qg6+ Kd8 36. Qh7 Nf8 37. Qh8 Kc7 38. Rxg7 Rxg7 39. Qxg7+ Kb6 40. Qxf6 Nd7 41. dxc5+ Nxc5 42. Qd4 Qc6 43. h6 Qe8 44. Qxd6+ Ka5 45. Qc7+ Ka6 46. Rg6+ 1-0

[Event "Kremnica op"]
[White "Zawisza, Alan"]
[Black "Liptak, Dusan"]
[Site "Kremnica"]
[Round "2"]
[Result "0-1"]
[Date "2024.08.16"]
[WhiteElo "1791"]
[BlackElo "2168"]
[PlyCount "62"]
[EventDate "2024.08.15"]
[EventType "swiss"]
[EventRounds "7"]
[EventCountry "SVK"]
[SourceTitle "CBM 221 Extra"]
[Source "ChessBase"]
[SourceDate "2024.09.30"]
[SourceVersion "1"]
[SourceVersionDate "2024.09.30"]
[SourceQuality "1"]

1. e4 c5 2. Nf3 d6 3. d4 cxd4 4. Nxd4 Nf6 5. Nc3 a6 6. Bg5 Nbd7 7. Bc4 Qb6 8. Bb3 e6 9. Qd2 Be7 10. 0-0-0 Nc5 11. f3 Qc7 12. g4 Bd7 13. Kb1 b5 14. a3 Rb8 15. Bxf6 Bxf6 16. Rhe1 0-0 17. f4 a5 18. g5 Be7 19. Kc1 b4 20. Nf5 Nxb3+ 21. cxb3 exf5 22. exf5 Rfe8 23. g6 hxg6 24. fxg6 fxg6 25. Qd5+ Kf8 26. Rd3 Bf5 27. Ree3 Bxd3 28. Rh3 Bf6 29. Qxd3 bxc3 30. Rh8+ Ke7 31. Qe2+ Kf7 0-1